Historia del Siglo XX : 1914-1991

Hay muchos libros acerca de los grandes acontecimientos históricos de este siglo: revoluciones, guerras, crisis económicas... Pero no había hasta hoy una auténtica Historia del siglo XX como ésta, que los enlaza a todos en una perspectiva global. Para abarcar un panorama tan complejo se requería alg...

Full description

Bibliographic Details
Main Author: Hobsbawm, E. J. (Eric J.) 1917-2012
Format: Libro
Language:Spanish
Published: México : Crítica, 2014.
Subjects:
Online Access:

MARC

LEADER 00000cam a2200000 a 4500
001 022054
003 UAHC_CL
005 20210414070108.0
008 161115s2014 mx 000 spa
952 |0 0  |1 0  |4 0  |6 909_820000000000000_HOBT  |7 0  |8 Reserva  |9 43768  |a BC  |b BC  |c Reserva  |d 2017-08-03  |l 16  |m 15  |o 909.82 HOBT  |p 1367686  |r 2025-11-25 00:00:00  |s 2024-12-05  |t 1  |w 2017-08-03  |y BK 
999 |c 22054  |d 22054 
020 |a 9786079377458 
040 |a UAHC_CL  |c UAHC_CL  |d UAHC_CL 
082 0 4 |a 909.82  |b H684  |2 20 
100 |a Hobsbawm, E. J.  |q (Eric J.)  |d 1917-2012  |9 1574 
245 1 0 |a Historia del Siglo XX :  |b 1914-1991   |c Eric Hobsbawm. 
260 |a México :  |b Crítica,  |c 2014. 
300 |a 614 p. 
520 |a Hay muchos libros acerca de los grandes acontecimientos históricos de este siglo: revoluciones, guerras, crisis económicas... Pero no había hasta hoy una auténtica Historia del siglo XX como ésta, que los enlaza a todos en una perspectiva global. Para abarcar un panorama tan complejo se requería alguien con la erudición y la sensibilidad de Eric Hobsbawm; alguien que, como él, «vivió» el siglo: que estuvo en Berlín cuando Hitler era proclamado canciller y en Moscú después de la muerte de Stalin; que conoció los movimientos revolucionarios de América Latina y convivió en Cambridge con Turing o con los descubridores de la estructura del ADN. Este «libro poderoso e inquietante», como lo ha llamado Edward Said, analiza el siglo como una trayectoria cerrada que comenzó en un tiempo de catástrofes (guerras mundiales, crisis económica, revoluciones y fascismo), experimentó una edad de oro y ha acabado en un derrumbamiento. Lo hace con la franqueza de quien, tras la caída del comunismo, ha de explicarse sus propios errores, sin dejar de denunciar los defectos de un sistema que engendra desigualdad y pobreza en un mundo inestable y con una mirada de una amplitud insólita, que no sólo se detiene en los acontecimientos políticos y en la evolución económica, sino que analiza las transformaciones sociales (la gran revolución que ha cambiado las relaciones entre los sexos y las generaciones), los avances de la ciencia y la tecnología, las mutaciones del «gran arte» y la formación de una nueva cultura juvenil. Que nos habla tanto de la batalla de Stalingrado, como de la historia del cine, de los cambios en la vida cotidiana, la crisis de la familia, el desarrollo de la mecánica cuántica o el significado de la «posmodernidad». 
650 0 |a Historia moderna  |9 2870 
900 |a 909.82 HOBT 
942 |c BK  |2 ddc